000 00769nam a2200253 i 4500
003 DO-SdBNP
005 20240819140009.0
007 ta
008 240819b2019 dr a|||| |||| 00| 0 spa d
020 _a9789993466444
040 _aDO-SdBNP
_bspa
_cBNPHU
_erda
041 _hspa
082 4 _bN682h
_222
100 1 _aNieve Gil, Johnny E.
_eautor
_986353
245 1 0 _aHacia la excelencia del derecho :
_brecopilación de trabajos finales del grado en derecho /
_cJohnny F. Nieves Gil
264 _aSanto Domingo :
_bEduprogreso,
_c2019
300 _a351 páginas ;
_c24 cm.
336 _2rdacontent
_atexto
_btxt
337 _2rdamedia
_asin mediación
_bn
338 _2rdacarrier
_avolumen
_bnc
590 _aInventariado, 2024/DG
910 _aDG
942 _2ddc
_cLBS1
999 _c57474
_d57474